000 00847na a2200265 4500
001 13126
003 MIRAKIL
005 20181213155021.0
008 161025b tu 000 0
020 _a9759857944
035 _a13126
040 _aMilas
_btur
_cTR-AnCHP
041 _atur
082 _a320.531
_bS67 2006
090 _a320.531 S67 2006
245 _aSosyal demokrat düşünce platformu
_b5 Şubat 2005-4 Haziran 2005-4 Mart 2006
_cyayına hazırlayanlar Erol Tuncer, Hanife Yurtseven
260 _aAnkara
_bSosyal Demokrasi Derneği Yayınları
_c2006
300 _avi, 246 s.
_bgrf.; tbl.
_c24 sm.
490 _aSDD Yayınları
_v5
610 _aSosyal Demokrat Düşünce Platformu
_xToplantılar
650 _aSosyal demokrasi
_xToplantılar
700 _aYurtseven, Hanife
700 _aTuncer, Erol
942 _2ddc
_cBKS
999 _c4908
_d4908